[Event "Maastricht Limburg op-B 9th"]
[Site "Maastricht"]
[Date "2015.05.23"]
[Round "2"]
[White "Broekhuis, Jan"]
[Black "Bondarchuk, Vadim"]
[Result "1/2-1/2"]
[WhiteElo "1865"]
[BlackElo "2034"]
[PlyCount "120"]
[EventDate "2015.05.22"]
[EventType "swiss"]
[EventRounds "7"]
[EventCountry "NED"]
[SourceTitle "EXT 2016"]
[Source "ChessBase"]
[SourceDate "2015.10.08"]
[SourceVersion "1"]
[SourceVersionDate "2015.10.08"]
[SourceQuality "1"]

1. e4 e5 2. Nf3 Nf6 3. d3 Nc6 4. Be2 Be7 5. 0-0 d6 6. Nc3 Bg4 7. Ne1 Bxe2 8. Nxe2 Qd7 9. c4 Qg4 10. Nc2 Qh5 11. Ng3 Qxd1 12. Rxd1 g6 13. Bd2 Nd7 14. b4 Bf6 15. Rab1 Bg7 16. b5 Ne7 17. Nb4 0-0 18. f3 f5 19. Nd5 Nxd5 20. cxd5 Nc5 21. Bb4 b6 22. Ne2 fxe4 23. dxe4 Bh6 24. Bxc5 bxc5 25. Kf2 Rfb8 26. Nc3 Kf7 27. Ke2 Ke7 28. Kd3 Kd7 29. a4 Bf4 30. h3 Bg3 31. Rd2 Bh4 32. Rdb2 a6 33. b6 cxb6 34. Rxb6 Rxb6 35. Rxb6 Bf2 36. Rb7+ Kc8 37. Rxh7 Rb8 38. Rh8+ Kc7 39. Rxb8 Kxb8 40. Nd1 Bg3 41. Ne3 Kc7 42. Nc4 Bh4 43. Ke3 Bg3 44. Ke2 Bh4 45. Kf1 Bg3 46. Kg1 Kd7 47. Kf1 Kc7 48. Ke2 Bh4 49. Ke3 Bg3 50. a5 Kd7 51. Kd3 Bh4 52. Kc3 Kc7 53. Kb3 Kd7 54. Ne3 Ke7 55. Ka4 Kf7 56. Nc4 Ke7 57. Kb3 Kd7 58. Kc2 Bf2 59. Kd2 Bh4 60. Ke2 Bg3 1/2-1/2

[Event "Maastricht Limburg op-B 8th"]
[Site "Maastricht"]
[Date "2014.06.08"]
[Round "4"]
[White "Broekhuis, Jan"]
[Black "Goes, Dirk"]
[Result "1-0"]
[WhiteElo "1842"]
[BlackElo "1946"]
[PlyCount "47"]
[EventDate "2014.06.06"]
[EventType "swiss"]
[EventRounds "7"]
[EventCountry "NED"]
[SourceTitle "EXT 2015"]
[Source "ChessBase"]
[SourceDate "2014.11.20"]
[SourceVersion "1"]
[SourceVersionDate "2014.11.20"]
[SourceQuality "1"]

1. e4 Nf6 2. e5 Nd5 3. d4 d6 4. exd6 exd6 5. Nf3 Bf5 6. c3 Nd7 7. Be2 c6 8. 0-0 Be7 9. c4 Nc7 10. Nc3 Nf6 11. Qb3 Rb8 12. Bf4 Ne6 13. Be3 b6 14. d5 cxd5 15. cxd5 Nc5 16. Qa3 Ra8 17. b4 Nb7 18. Nd4 Bd7 19. Nc6 Qc8 20. Nxe7 Kxe7 21. Bg5 a5 22. Ne4 Bf5 23. Nxf6 gxf6 24. Qe3+ 1-0

[Event "Maastricht Limburg op-B 7th"]
[Site "Maastricht"]
[Date "2013.05.18"]
[Round "2"]
[White "Schueller, Tobias"]
[Black "Broekhuis, Jan"]
[Result "0-1"]
[WhiteElo "1919"]
[BlackElo "1824"]
[PlyCount "106"]
[EventDate "2013.05.17"]
[EventType "swiss"]
[EventRounds "7"]
[EventCountry "NED"]
[SourceTitle "EXT 2014"]
[Source "ChessBase"]
[SourceDate "2013.11.20"]
[SourceVersion "1"]
[SourceVersionDate "2013.11.20"]
[SourceQuality "1"]

1. a3 Nf6 2. Nf3 d5 3. g3 Nbd7 4. Bg2 e5 5. d3 c6 6. 0-0 Bd6 7. Nbd2 0-0 8. e4 Re8 9. Re1 Qc7 10. Nf1 Nf8 11. Bg5 N6d7 12. c4 d4 13. b4 c5 14. Bd2 Ng6 15. h4 f6 16. h5 Nh8 17. Nh4 Nf8 18. Nh2 Be6 19. Bf3 b6 20. Bg4 Qd7 21. Bxe6+ Qxe6 22. Nf5 Nf7 23. h6 g6 24. Ng7 Qe7 25. Nxe8 Rxe8 26. b5 f5 27. exf5 gxf5 28. g4 e4 29. gxf5 Bxh2+ 30. Kxh2 Qh4+ 31. Kg2 e3 32. Qf3 Ne5 33. Qg3+ Qxg3+ 34. Kxg3 exd2 35. Re2 Kf7 36. Rxd2 Kf6 37. Kf4 Nf7 38. Rh1 Nd6 39. Rh5 Re5 40. Rd1 Nxf5 41. Rg1 Ne6+ 42. Kf3 Ne7 43. Rxe5 Kxe5 44. a4 Kf5 45. a5 Ng5+ 46. Ke2 Ng6 47. axb6 axb6 48. Ra1 Nf4+ 49. Kd2 Nf3+ 50. Kd1 Nxd3 51. Ra6 Nb2+ 52. Ke2 Ne5 53. Rxb6 d3+ 0-1

[Event "Helmond Legibus op"]
[Site "Helmond"]
[Date "2012.06.30"]
[Round "1"]
[White "Broekhuis, Jan"]
[Black "Timman, Jan H"]
[Result "0-1"]
[WhiteElo "1880"]
[BlackElo "2575"]
[PlyCount "76"]
[EventDate "2012.06.30"]
[EventType "swiss (rapid)"]
[EventRounds "9"]
[EventCountry "NED"]
[SourceTitle "CBM 149 Extra"]
[Source "ChessBase"]
[SourceDate "2012.08.24"]
[SourceVersion "1"]
[SourceVersionDate "2012.08.24"]
[SourceQuality "1"]

1. d4 Nf6 2. Nf3 g6 3. c4 Bg7 4. Nc3 d5 5. cxd5 Nxd5 6. e4 Nxc3 7. bxc3 c5 8. Be3 Qa5 9. Qd2 0-0 10. h3 Nc6 11. Be2 cxd4 12. cxd4 Qxd2+ 13. Kxd2 Rd8 14. Kc3 b6 15. Rhd1 Bb7 16. Rac1 e6 17. Kb2 h6 18. Bb5 Na5 19. Bd3 Nc6 20. e5 Nb4 21. Bb1 Bd5 22. a3 Nc6 23. Ne1 Rd7 24. Bd3 b5 25. Rc5 Rb8 26. Rdc1 Rb6 27. f3 Bf8 28. R5c2 Bc4 29. d5 Nxe5 30. Bxc4 Nxc4+ 31. Rxc4 bxc4+ 32. Bxb6 Rb7 33. Rxc4 Rxb6+ 34. Ka2 exd5 35. Rc2 Ra6 36. Rc3 Bb4 37. Re3 Bd2 38. Re2 Bc1 0-1

[Event "Maastricht Limburg op-B 5th"]
[Site "Maastricht"]
[Date "2011.06.12"]
[Round "5"]
[White "Broekhuis, Jan"]
[Black "Senders, Mischa"]
[Result "0-1"]
[WhiteElo "1869"]
[BlackElo "1746"]
[PlyCount "92"]
[EventDate "2011.06.10"]
[EventType "swiss"]
[EventRounds "7"]
[EventCountry "NED"]
[SourceTitle "EXT 2012"]
[Source "ChessBase"]
[SourceDate "2011.11.24"]
[SourceVersion "1"]
[SourceVersionDate "2011.11.24"]
[SourceQuality "1"]

1. e4 e6 2. d4 d5 3. Nd2 dxe4 4. Nxe4 Nd7 5. Nf3 Ngf6 6. Nxf6+ Nxf6 7. Bd3 Be7 8. 0-0 0-0 9. Qe2 b6 10. Bg5 Bb7 11. c3 Nd7 12. Be3 c5 13. Rad1 Qc7 14. Rfe1 Rad8 15. Bb1 cxd4 16. Bxd4 Rfe8 17. Qc2 Nf8 18. Qe2 Bc5 19. Be5 Bd6 20. Rxd6 Rxd6 21. Nd4 Qc5 22. b4 Qd5 23. Qg4 f6 24. c4 Qxe5 25. Rxe5 fxe5 26. Nb3 Red8 27. Bc2 Be4 28. c5 bxc5 29. bxc5 Rd5 30. h4 Bxc2 31. c6 Bxb3 32. axb3 Rc8 33. Qa4 a5 34. g3 Rc5 35. h5 R8xc6 36. Qg4 Rb5 37. h6 Rc7 38. Qg5 Rxb3 39. Qxe5 Ra7 40. hxg7 Rxg7 41. Qxa5 Rf3 42. Qh5 Rgf7 43. Qg4+ Kh8 44. Qd4+ R7f6 45. Qe5 Ng6 46. g4 Nxe5 0-1